The Office of the Deputy Prime Minister's sustainable development action plan (Record no. 105324)
[ view plain ]
| 000 -LEADER | |
|---|---|
| fixed length control field | 01167cam a2200193 4500 |
| 001 - CONTROL NUMBER | |
| control field | ##L133088 |
| 008 - FIXED-LENGTH DATA ELEMENTS--GENERAL INFORMATION | |
| fixed length control field | 060410n2006 000 0 eng u |
| 035 ## - SYSTEM CONTROL NUMBER | |
| System control number | (Sirsi) u133088 |
| 041 0# - LANGUAGE CODE | |
| Language code of text/sound track or separate title | eng |
| 050 04 - LIBRARY OF CONGRESS CALL NUMBER | |
| Classification number | 711.1 $2 18 |
| 110 1# - MAIN ENTRY--CORPORATE NAME | |
| Corporate name or jurisdiction name as entry element | United Kingdom |
| Subordinate unit | Office of the Deputy Prime Minister |
| 245 04 - TITLE STATEMENT | |
| Title | The Office of the Deputy Prime Minister's sustainable development action plan |
| Remainder of title | securing the future: delivering UK sustainable development strategy |
| 260 ## - PUBLICATION, DISTRIBUTION, ETC. | |
| Place of publication, distribution, etc. | London |
| Name of publisher, distributor, etc. | ODPM |
| Date of publication, distribution, etc. | 2006 |
| 520 ## - SUMMARY, ETC. | |
| Summary, etc. | Highlights ODPM's progress in implementing its commitment to sustainable development through its policies for creating sustainable communities. Describes the milestones which ODPM will pass during the next year in delivering its contribution to "Securing the future", the UK's sustainable development strategy. Covers sustainable development in ODPM's policy and delivery and also its operations and management. |
| 590 ## - LOCAL NOTE (RLIN) | |
| Local note | IKA110406 |
| 690 ## - LOCAL SUBJECT ADDED ENTRY--TOPICAL TERM (OCLC, RLIN) | |
| Topical term or geographic name as entry element | ENVIRONMENTAL AND LAND CONSULTANCY-SUSTAINABILITY-SUSTAINABLE DEVELOPMENT |
| 856 40 - ELECTRONIC LOCATION AND ACCESS | |
| Uniform Resource Identifier | <a href="https://www.communities.gov.uk/index.asp?id=1164438">https://www.communities.gov.uk/index.asp?id=1164438</a> |
| Public note | View the action plan free of charge at www.dclg.gov.uk... |
| 942 ## - ADDED ENTRY ELEMENTS (KOHA) | |
| Suppress in OPAC | 0 |
| Withdrawn status | Lost status | Source of classification or shelving scheme | Damaged status | Not for loan | Home library | Current library | Shelving location | Date acquired | Total Checkouts | Full call number | Barcode | Date last seen | Copy number | Price effective from | Koha item type |
|---|---|---|---|---|---|---|---|---|---|---|---|---|---|---|---|
| Dewey Decimal Classification | Virtual | Virtual | Online | 10/04/2006 | ONLINE PUBLICATION | 133088-2001 | 06/08/2019 | 1 | 06/08/2019 | Book |